Forces on ships in a navigation lock induced by stratified flows
Сохранить в:
| Главный автор: | |
|---|---|
| Формат: | |
| Язык: | English |
| Опубликовано: |
Delft, The Netherlands
1991
|
| Серии: | Publications
|
| Метки: |
Добавить метку
Нет меток, Требуется 1-ая метка записи!
|
MARC
| LEADER | 00000nam a2200000Ia 4500 | ||
|---|---|---|---|
| 003 | 002163 | ||
| 005 | 20221231143950.0 | ||
| 008 | 140114s1991 ne a 000 ||eng d | ||
| 040 | |c cru CEDI | ||
| 082 | |a 623.893 V982f | ||
| 100 | |a Vrijburcht, Arie |9 21339 | ||
| 245 | |a Forces on ships in a navigation lock induced by stratified flows | ||
| 260 | |a Delft, The Netherlands |c 1991 | ||
| 300 | |a 248 páginas:ilustraciones | ||
| 440 | |a Publications |n 448 |9 21341 | ||
| 500 | |a Thesis doctoral aprobada por la Delft University of Technology | ||
| 942 | |2 ddc |c BK | ||
| 999 | |c 14922 |d 14922 | ||
